|
|
|
|
| LEADER |
00000nam a2200000 a 4500 |
| 001 |
vtls009478882 |
| 003 |
SK-MaSNL |
| 005 |
20260301211200.0 |
| 008 |
240318 000 0 eng |
| 040 |
|
|
|a SNK
|b slo
|c SNK
|e AACR2
|
| 100 |
1 |
|
|a Kulakovskij, Platon`
|4 aut
|9 454790
|
| 245 |
1 |
0 |
|a Russki jazyk`y lyteratura pred` sudom` v` Avstro-Vengriji
|c Platon` Kulakovskij
|
| 260 |
|
|
|a Vyľna
|b Ottysk` yz` Vylenskago V¨estnyka
|c 1900
|
| 300 |
|
|
|a 63 s.
|
| 999 |
|
|
|c 915889
|d 917819
|
| 952 |
|
|
|a SNK
|b SNK
|y VYP
|7 0
|p 17A0614433
|o snkSD 31002 D1
|i snkF 2201/83
|8 5
|3 rekatalogizácia
|0 0
|1 0
|4 0
|d 2009-03-02
|l 0
|r 2026-02-24 07:58:49
|w 2026-02-24
|